| 000 | 00493nam a2200205Ia 4500 | ||
|---|---|---|---|
| 008 | 210210b1928 xxu||||| |||| 00| 0 eng d | ||
| 041 | _aeng | ||
| 082 | _a090/47 | ||
| 100 | _aMONKSWELL (Lord) | ||
| 245 | _aRailways: their history and organization | ||
| 260 |
_aLondon _bErnest Benn Limited _c1928 |
||
| 300 | _a78 | ||
| 650 | _atheir | ||
| 650 | _aRailways: | ||
| 650 | _aorganization | ||
| 650 | _ahistory | ||
| 650 | _aand | ||
| 690 | _aRailroad Transportation | ||
| 906 | _a000685 | ||
| 999 |
_c77198 _d77198 |
||